000 00665nam a2200277Ia 4500
005 20260324144835.0
008 008 260324s9999 xx 000 0 eng d
020 _a9780203104170
037 _aEBOOK
040 _aCRL
040 _beng
040 _cCRL
041 _2eng
041 _aeng
084 _qCRL
100 _aSue Bruley
_9873412
245 0 _aLeninism, Stalinism, and the Women's Movement in Britain, 1920-1939
260 _bTaylor and Francis
260 _c1986
365 _a
365 _b240
856 _uhttp://www.taylorfrancis.com/books/9780203104170
942 _cEBOOK
999 _c1827930
_d1827930